000 00589nam a2200229Ia 4500
003 OSt
005 20220924152538.0
006 a|||||r|||| 00| 0
007 ta
008 220923b |||||||| |||| 00| 0 mar d
024 _a343021
037 _cTextual
040 _aARTS
_cARTS
_bmar
041 _2mar
_amar
082 _aV235:194.K60, 155K0
100 _aKarkhanis M.D.
_9226943
245 0 _aPawan khindicha ranaznnjar
260 _c1960
650 _aHISTORY
942 _hV235:194.K60, 155K0
_cTEXL
_2CC
999 _c470173
_d470173